Introduction to management accounting

Main Author: Horngren, Charles T., 1926-
Other Authors: Sundem,, Stratton,
Published: Upper Saddle River, N.J.: Prentice Hall, 2002.
Edition:12th ed..
Series:Charles T. Horngren series in accounting
Subjects:
LEADER 00775cam a2200217 7i4500
001 0000026054
005 20140623090000.0
020 # 0 |a 013032373X  
090 0 0 |a HF 5635   |b H816 2002 
100 1 # |a Horngren, Charles T.,   |c 1926-  
245 1 0 |a Introduction to management accounting   |c Charles T. Horngren, Gary L. Sundem, William O. Stratton. 
250 # # |a 12th ed.. 
260 # # |a Upper Saddle River, N.J.:   |b Prentice Hall,   |c 2002. 
300 # # |a xxii, 789p.:   |b ill.;   |c 29 cm.. 
490 0 0 |a Charles T. Horngren series in accounting 
500 # # |a Includes index. 
590 # # |a Pusat Pengajian Perniagaan dan Pengurusan Maritim 
650 0 0 |a Managerial accounting  
700 1 1 |a Sundem,   |h Gary L.  
700 1 1 |a Stratton,   |h William O.  
999 |a 1100011698  |b Book  |c Open Shelf  |e KOLEKSI TERBUKA